La llave del saber: Metalmecánica
El video nos muestra de qué manera el SENA busca impulsar la competitividad de las empresas en todos los sectores de la producción. Para lograrlo se debe contar con un personal capacitado en las nuevas tecnologías que lideran los países desarrollados. El SENA, teniendo en cuenta todos estos puntos,...
Saved in:
| Format: | Ukendt |
|---|---|
| Sprog: | Spanish |
| Udgivet: |
s.l.
SENA, Señal Colombia. V.T.R Zaga, Producciones,
1996.
|
| Fag: | |
| Online adgang: | Enlace del recurso |
| Tags: |
Tilføj Tag
Ingen Tags, Vær først til at tagge denne postø!
|
MARC
| LEADER | 00000 a2200000 4500 | ||
|---|---|---|---|
| 001 | 001637 | ||
| 008 | 090105p1996 ck spa | ||
| 082 | 0 | 4 | |a DVD / |b 044B |
| 245 | 1 | 3 | |a La llave del saber: |b Metalmecánica |
| 260 | |a s.l. |b SENA, Señal Colombia. V.T.R Zaga, Producciones, |c 1996. | ||
| 300 | |a 1 DVD; | ||
| 306 | |a 25:10 minutos. | ||
| 500 | |a Dirigido a maestros. | ||
| 508 | |a Dirección: Moreno Amaya, Hernando; Producción: Romero Santa, Narciso; Realización: División de comunicaciones SENA. | ||
| 520 | |a El video nos muestra de qué manera el SENA busca impulsar la competitividad de las empresas en todos los sectores de la producción. Para lograrlo se debe contar con un personal capacitado en las nuevas tecnologías que lideran los países desarrollados. El SENA, teniendo en cuenta todos estos puntos, ha modernizado su estructura. Se prepara muy bien a los alumnos en el sector metalmecánica. Nos muestran el sistema modular de producción en serie, la empresa sistematizada. Los convenios con empresas de países industrializados. | ||
| 650 | |a CAPACITACIÓN | ||
| 650 | |a METALMECANICA | ||
| 999 | |c 3789 |d 3789 | ||
| 856 | |u https://catalogo.idep.edu.co/cgi-bin/koha/opac-detail.pl?biblionumber=3789 |z Enlace del recurso | ||